000 00821nam a22002297a 4500
003 OSt
005 20260203083345.0
008 260203b |||||||| |||| 00| 0 eng d
020 _a974-8279-62-6.
040 _aDWC-Main lib
_cOC
082 _22nd edition
_aRes. 025.49076 G196l 1998
100 _aGanendran, Jacki
245 _aLearn Subject access
_cJacki Ganendran
260 _aThailand :
_bBook Promotion & Service Co., Ltd.,
_cc1998.
300 _a108 page :
_c29 cm.
504 _aIncludes bibliographical references and index.
650 _a1. Subject cataloging-Problems, exercises, etc.
650 _a2. Subject cataloging.
650 _a3. Subject headings, Library of Congress-Problems, exercises, etc.
650 _a4. Subject headings, Library of Congress.
942 _2ddc
_cBK-0 CIRC
_e2nd ed.
_kRes.
_n0
999 _c8221
_d8221